Technická normalizácia a akosť 57 Zborník Československého inštitútu technickej normalizácie a akosti v Bratislave

Na minha lista:
Detalhes bibliográficos
Formato: Livro
Idioma:eslovaco
Publicado em: Bratislava Alfa 1989
Edição:1. vyd.
Tags: Adicionar Tag
Sem tags, seja o primeiro a adicionar uma tag!

MARC

LEADER 00000nam a2200000 4500
001 c034983
005 20250611085211.6
041 0 |a slo 
044 |a SK 
245 1 0 |a Technická normalizácia a akosť 57  |b Zborník Československého inštitútu technickej normalizácie a akosti v Bratislave 
250 |a 1. vyd. 
264 1 |a Bratislava  |b Alfa  |c 1989 
300 |a 108 s.